Normal view MARC view

Entry Personal Name

Number of records used in: 1

001 - CONTROL NUMBER

  • control field: 73656

003 - CONTROL NUMBER IDENTIFIER

  • control field: dpl

005 - DATE AND TIME OF LATEST TRANSACTION

  • control field: 20241029150928.0

008 - FIXED-LENGTH DATA ELEMENTS

  • fixed length control field: 241029|| aca||aabn | a|a d

040 ## - CATALOGING SOURCE

  • Original cataloging agency: dpl
  • Transcribing agency: dpl

100 ## - HEADING--PERSONAL NAME

  • Personal name: अग्रवाल, घमंडीलाल

670 ## - SOURCE DATA FOUND

  • Source citation: Work cat.: (dpl)205667: अग्रवाल, घमंडीलाल, ज्ञान-विज्ञान के151 प्रश्नोत्तर /, 2023

© Delhi Public Library
Hit Counter
free hit counter